| 000 | 00821cam a2200277Ia 4500 | ||
|---|---|---|---|
| 999 |
_c375 _d375 |
||
| 001 | 9833302 | ||
| 003 | OCoLC | ||
| 005 | 20190802115408.0 | ||
| 008 | 830822s1982 pau 000 0 eng d | ||
| 010 | _a82070768 | ||
| 020 | _a0875092233 (pbk.) | ||
| 020 | _a0875093663 (pbk.) | ||
| 035 | _a.b10740247 | ||
| 040 |
_aVML _cVML _dVPL _dNLC _dOCoLC |
||
| 082 |
_a248.4 _bT757P |
||
| 090 |
_aBV4817 _bT6 1982 |
||
| 100 | 1 |
_aTozer, A. W. _q(Aiden Wilson), _d1897-1963 |
|
| 245 | 1 | 4 |
_aThe pursuit of God / _cby A.W.Tozer |
| 250 | _aTozer legacy ed | ||
| 260 |
_aCamp Hill, Pa. : _bChristian Publications, _cc1982 |
||
| 300 |
_a128 p. ; _c20 cm |
||
| 650 | 0 | _aSpirituality | |
| 650 | 0 |
_aGod _xWorship and love |
|
| 856 | _uhttp://192.168.0.25:8001/#book_id=17&library_id=Calibre_Library&panel=book_details | ||
| 942 |
_2ddc _cBK |
||